On the art of drawing ; an informal textbook with illustrations by the author.

Bibliographic Details
Main Author: Fawcett, Robert, 1903-1967
Format: Book
Language:English
Published: [New York] : Watson-Guptill Publications [1958] [date of publication not identified]
Edition:[1st ed.].
Subjects:

MARC

Tag First Indicator Second Indicator Subfields
LEADER 00000cam a2200000 4500
001 in00000200074
005 20160106094803.0
008 720711s1958 nyuac 00000 eng
010 |a  58008130  
035 |a (OCoLC)00352474 
035 |9 AAW1454AM 
040 |c BLC  |d TXA  |d UtOrBLW 
049 |a TXAM  |c 1 [305398]  |c 2 [666052] 
050 0 |a NC710  |b .F3 
082 0 |a 741.4 
100 1 |a Fawcett, Robert,  |d 1903-1967. 
245 1 0 |a On the art of drawing ;  |b an informal textbook with illustrations by the author. 
250 |a [1st ed.]. 
264 1 |a [New York] :  |b Watson-Guptill Publications [1958]  |c [date of publication not identified] 
300 |a 136 pages :  |b illustrations, portrait ;  |c 32 cm. 
336 |a text  |b txt  |2 rdacontent 
337 |a unmediated  |b n  |2 rdamedia 
338 |a volume  |b nc  |2 rdacarrier 
650 0 |a Drawing. 
999 |a MARS 
999 f f |s 9f02ddde-063a-3418-97c6-d8a86f00c550  |i 88005ea8-a4c5-37a8-bf3e-50061f82454d  |t 0 
952 f f |p normal  |a Texas A&M University  |b College Station  |c Sterling C. Evans Library  |d Evans: Library Stacks  |t 0  |e NC710 .F3  |h Library of Congress classification  |i unmediated -- volume  |m A14803462119 
998 f f |a NC710 .F3  |t 0  |l Evans: Library Stacks